| 000 | 00508nam a2200169Ia 4500 | ||
|---|---|---|---|
| 008 | 240729s9999 xx 000 0 und d | ||
| 022 | _a2201-7208 | ||
| 245 | 0 | _aFusion Journal | |
| 260 | _aAustralia | ||
| 260 | _bCharles Sturt University (Australia); University of Lincoln (UK) | ||
| 650 | _a Communication. Mass media | ||
| 650 | _a Philology. Linguistics | ||
| 650 | _aLanguage and Literature | ||
| 856 | _uhttps://doaj.org/toc/55aa77fc60574e1e8b1b052d0ab4efbb | ||
| 942 | _2ddc | ||
| 942 | _cDOAJEJ | ||
| 999 |
_c70806 _d70806 |
||
| 945 |
_a1 _bMadushi Gamage _c1 _dMadushi Gamage |
||